| 000 | 00655nam a22002297i 4500 | ||
|---|---|---|---|
| 003 | URS | ||
| 005 | 20220117094734.0 | ||
| 008 | 170121b xxu||||| |||| 00| 0 eng d | ||
| 020 | _a9717250138 | ||
| 040 |
_erda _cCOLLEGE _beng |
||
| 050 | 0 | 0 |
_aHM51 _bT818 2014 |
| 100 | 1 |
_aTUIBEO, AMABLE G. , _eauthor |
|
| 245 | 1 | 0 |
_aA CRITICAL DISCOURSE ON SOCIOLOGY _cTUIBEO, AMABLE G. |
| 264 | 1 |
_aMANILA _bGRANDBOOKS PUB., INC _c2014 |
|
| 300 |
_axi, 167 pages _c22.3 cm |
||
| 336 |
_2rdacontent _atext |
||
| 337 |
_2rdamedia _aunmediated |
||
| 338 |
_2rdacarrier _avolume |
||
| 500 | _aincludes bibliography | ||
| 650 | _2SOCIOLOGY-PHILIPPINES | ||
| 942 |
_2lcc _cF |
||
| 999 |
_c11771 _d11771 |
||